00249nam a2200109Ia 4500100001600000654001000016245005700026260002200083082001400105300000800119546001200127 aPless/Vera  aerror aIntroduction to the theory of Error correcting codes bJohn Wileyc1998 a3.54bPLE a207 aENGLISH